<?xml version="1.0" encoding="UTF-8"?>
<record
    xmlns:xsi="http://www.w3.org/2001/XMLSchema-instance"
    xsi:schemaLocation="http://www.loc.gov/MARC21/slim http://www.loc.gov/standards/marcxml/schema/MARC21slim.xsd"
    xmlns="http://www.loc.gov/MARC21/slim">

  <leader>02838nam a22003017a 4500</leader>
  <controlfield tag="001">9142</controlfield>
  <controlfield tag="003">FISKH</controlfield>
  <controlfield tag="005">20251125115202.0</controlfield>
  <controlfield tag="008">251125b        cb ||||| |||| 00| 0 eng d</controlfield>
  <datafield tag="020" ind1=" " ind2=" ">
    <subfield code="a">9789995001018</subfield>
  </datafield>
  <datafield tag="040" ind1=" " ind2=" ">
    <subfield code="a">FISKH</subfield>
    <subfield code="b">khr</subfield>
    <subfield code="c">FISKH</subfield>
    <subfield code="d">FISKH</subfield>
  </datafield>
  <datafield tag="082" ind1=" " ind2=" ">
    <subfield code="a">398.209596</subfield>
  </datafield>
  <datafield tag="100" ind1=" " ind2=" ">
    <subfield code="a">Sotheary, Kimsun</subfield>
  </datafield>
  <datafield tag="245" ind1=" " ind2=" ">
    <subfield code="a">&#x1793;&#x17B6;&#x1784;&#x1780;&#x17BB;&#x179B;&#x1792;&#x17B8;&#x178F;&#x17B6;&#x200B; :</subfield>
    <subfield code="b">Kol Thida / </subfield>
    <subfield code="c">&#x179A;&#x17C0;&#x1794;&#x179A;&#x17C0;&#x1784;&#x178A;&#x17C4;&#x1799; &#x17A2;&#x17D2;&#x1793;&#x1780;&#x179F;&#x17D2;&#x179A;&#x17B8; &#x1782;&#x17B9;&#x1798;&#x179F;&#x17CA;&#x17BB;&#x1793; &#x179F;&#x17BB;&#x1792;&#x17B6;&#x179A;&#x17B8; ,&#x200B; &#x178F;&#x17D2;&#x179A;&#x17BD;&#x178F;&#x1796;&#x17B7;&#x1793;&#x17B7;&#x178F;&#x17D2;&#x1799;&#x17A2;&#x1780;&#x17D2;&#x1781;&#x179A;&#x17B6;&#x179C;&#x17B7;&#x179A;&#x17BB;&#x1791;&#x17D2;&#x1792; &#x17A2;&#x17D2;&#x1793;&#x1780;&#x1793;&#x17B6;&#x1784; &#x179C;&#x17C9;&#x17B6;&#x178F; &#x1785;&#x179A;&#x17B7;&#x1799;&#x17B6; , &#x1780;&#x1789;&#x17D2;&#x1789;&#x17B6; &#x179C;&#x17BB;&#x17B7;&#x1785; &#x179C;&#x178C;&#x17D2;&#x178D;&#x1793;&#x17B6; &#x1793;&#x17B7;&#x1784; &#x1780;&#x1789;&#x17D2;&#x1789;&#x17B6; &#x17A0;&#x1798; &#x179B;&#x17B8;&#x1798;&#x1786;&#x17C1;&#x1784; </subfield>
  </datafield>
  <datafield tag="260" ind1=" " ind2=" ">
    <subfield code="a">&#x1797;&#x17D2;&#x1793;&#x17C6;&#x1796;&#x17C1;&#x1789; : </subfield>
    <subfield code="b">Reading Books , </subfield>
    <subfield code="c">2010.</subfield>
  </datafield>
  <datafield tag="300" ind1=" " ind2=" ">
    <subfield code="a">20 pages : </subfield>
    <subfield code="b">color illustrations  ; </subfield>
    <subfield code="c">25 cm . </subfield>
  </datafield>
  <datafield tag="490" ind1=" " ind2=" ">
    <subfield code="a">&#x1796;&#x17B7;&#x1797;&#x1796;&#x179A;&#x17BF;&#x1784;&#x1793;&#x17B7;&#x1791;&#x17B6;&#x1793;</subfield>
  </datafield>
  <datafield tag="505" ind1=" " ind2=" ">
    <subfield code="a">J 
</subfield>
  </datafield>
  <datafield tag="520" ind1=" " ind2=" ">
    <subfield code="a">&#x1780;&#x17B6;&#x179B;&#x178A;&#x17BE;&#x1798;&#x17A1;&#x17BE;&#x1799;&#x1798;&#x17B6;&#x1793;&#x1780;&#x17BB;&#x178A;&#x17BB;&#x1798;&#x17D2;&#x1796;&#x17B7;&#x1780;:&#x1798;&#x17D2;&#x1793;&#x17B6;&#x1780;&#x17CB;&#x1787;&#x17B6;&#x17A2;&#x17D2;&#x1793;&#x1780;&#x1798;&#x17B6;&#x1793;&#x179F;&#x17D2;&#x178F;&#x17BB;&#x1780;&#x179F;&#x17D2;&#x178F;&#x1798; &#x1794;&#x17C9;&#x17BB;&#x1793;&#x17D2;&#x178F;&#x17C2;&#x1796;&#x17BD;&#x1780;&#x1782;&#x17C1;&#x1782;&#x17D2;&#x1798;&#x17B6;&#x1793;&#x1780;&#x17BC;&#x1793;&#x1791;&#x17C1; &#x17D4;&#x200B; &#x179F;&#x17D2;&#x179A;&#x17D2;&#x178F;&#x17B8;&#x1787;&#x17B6;&#x1797;&#x179A;&#x17B7;&#x1799;&#x17B6;&#x1780;&#x17CF;&#x1791;&#x17C5;&#x178A;&#x178E;&#x17D2;&#x178F;&#x17B9;&#x1784;&#x1794;&#x17D2;&#x179A;&#x1796;&#x1793;&#x17D2;&#x1792;&#x17A2;&#x17C4;&#x1799;&#x1794;&#x17D2;&#x178F;&#x17B8; &#x17D4; &#x1780;&#x17D2;&#x179A;&#x17C4;&#x1799;&#x1794;&#x17D2;&#x179A;&#x1796;&#x1793;&#x17D2;&#x1792;&#x1785;&#x17BB;&#x1784;&#x1798;&#x17B6;&#x1793;&#x1795;&#x17D2;&#x1791;&#x17C3;&#x1796;&#x17C4;&#x17C7;&#x1794;&#x17D2;&#x179A;&#x1796;&#x1793;&#x17D2;&#x1792;&#x178A;&#x17BE;&#x1798;&#x1780;&#x17CF;&#x178A;&#x17B6;&#x1780;&#x17CB;&#x1790;&#x17D2;&#x1793;&#x17B6;&#x17C6;&#x1796;&#x17BB;&#x179B;&#x179F;&#x17D2;&#x179B;&#x17B6;&#x1794;&#x17CB;&#x1791;&#x17B6;&#x17C6;&#x1784;&#x1798;&#x17D2;&#x178F;&#x17B6;&#x1799;&#x1791;&#x17B6;&#x17C6;&#x1784;&#x1780;&#x17BC;&#x1793; &#x17D4; &#x179B;&#x17BB;&#x17C7;&#x178A;&#x179B;&#x17CB;&#x1796;&#x17BD;&#x1780;&#x1782;&#x17C1;&#x179F;&#x17D2;&#x179B;&#x17B6;&#x1794;&#x17CB;&#x179A;&#x17C0;&#x1784;&#x17D7;&#x1781;&#x17D2;&#x179B;&#x17BD;&#x1793;&#x1782;&#x17C1;&#x1780;&#x17CF;&#x178F;&#x17B6;&#x1798;&#x1795;&#x17D2;&#x178F;&#x1793;&#x17D2;&#x1791;&#x17B6;&#x1782;&#x17D2;&#x1793;&#x17B6;&#x1782;&#x17D2;&#x179A;&#x1794;&#x17CB;&#x17D7;&#x1787;&#x17B6;&#x178F;&#x17B7; &#x17D4; &#x1787;&#x17B6;&#x178F;&#x17B7;&#x1794;&#x1793;&#x17D2;&#x1791;&#x17B6;&#x1794;&#x17CB;&#x1798;&#x17D2;&#x1793;&#x17B6;&#x1780;&#x17CB;&#x1780;&#x17BE;&#x178F;&#x1787;&#x17B6;&#x1798;&#x1793;&#x17BB;&#x179F;&#x17D2;&#x179F;&#x1788;&#x17D2;&#x1798;&#x17C4;&#x17C7;&#x1780;&#x17BB;&#x179B;&#x1792;&#x17B8;&#x178F;&#x17B6; &#x1798;&#x17D2;&#x1793;&#x17B6;&#x1780;&#x17CB;&#x1780;&#x17BE;&#x178F;&#x1787;&#x17B6;&#x1799;&#x1780;&#x17D2;&#x1781;&#x178E;&#x17B8; &#x17D4; &#x1796;&#x17D2;&#x179A;&#x17C7;&#x179F;&#x1784;&#x17D2;&#x1783;&#x1780;&#x17CF;&#x179F;&#x1798;&#x17D2;&#x179A;&#x17BB;&#x17C7;&#x179F;&#x1798;&#x17D2;&#x179A;&#x17BD;&#x179B;&#x17A2;&#x17C4;&#x1799;&#x1796;&#x17BD;&#x1780;&#x1793;&#x17B6;&#x1784;&#x1791;&#x17B6;&#x17C6;&#x1784;&#x1796;&#x17B8;&#x179A;&#x179A;&#x17B6;&#x1794;&#x17CB;&#x17A2;&#x17B6;&#x1793;&#x1782;&#x17D2;&#x1793;&#x17B6;&#x1787;&#x17B6;&#x1794;&#x1784;&#x1794;&#x17D2;&#x17A2;&#x17BC;&#x1793; &#x17D4; </subfield>
  </datafield>
  <datafield tag="520" ind1=" " ind2=" ">
    <subfield code="a">Long ago, there was a wealthy couple, but they had no children. The wife persuaded her husband to take a second wife. When the second wife became pregnant, the first wife poisoned her, causing both the mother and the unborn child to die. After their deaths, they continued to harm one another throughout each of their reincarnations. In a later life, one was reborn as a human named Koltida, and the other was reborn as a female ogress. A monk eventually reconciled the two of them, urging them to treat each other as sisters.</subfield>
  </datafield>
  <datafield tag="521" ind1="8" ind2=" ">
    <subfield code="a">500 
</subfield>
    <subfield code="b">Lexile estimate 
</subfield>
  </datafield>
  <datafield tag="521" ind1="8" ind2=" ">
    <subfield code="a">J 
</subfield>
    <subfield code="b">Raz-Plus 
</subfield>
  </datafield>
  <datafield tag="650" ind1=" " ind2=" ">
    <subfield code="a">&#x1793;&#x17B6;&#x1784;&#x1780;&#x17BB;&#x179B;&#x1792;&#x17B8;&#x178F;&#x17B6;&#x200B;</subfield>
    <subfield code="v">&#x179A;&#x17BF;&#x1784;&#x1793;&#x17B7;&#x1791;&#x17B6;&#x1793;&#x1780;&#x17BB;&#x1798;&#x17B6;&#x179A;&#x200B;</subfield>
  </datafield>
  <datafield tag="650" ind1=" " ind2=" ">
    <subfield code="a">Kol Thida </subfield>
    <subfield code="v">Children's Stories </subfield>
  </datafield>
  <datafield tag="700" ind1=" " ind2=" ">
    <subfield code="a">San, Thai</subfield>
    <subfield code="e">Illustrator </subfield>
  </datafield>
  <datafield tag="942" ind1=" " ind2=" ">
    <subfield code="2">ddc</subfield>
    <subfield code="c">KHB</subfield>
    <subfield code="n">0</subfield>
  </datafield>
  <datafield tag="999" ind1=" " ind2=" ">
    <subfield code="c">9142</subfield>
    <subfield code="d">9142</subfield>
  </datafield>
  <datafield tag="952" ind1=" " ind2=" ">
    <subfield code="0">0</subfield>
    <subfield code="1">0</subfield>
    <subfield code="2">ddc</subfield>
    <subfield code="4">0</subfield>
    <subfield code="7">0</subfield>
    <subfield code="8">Khmer-English Bilingual </subfield>
    <subfield code="a">002</subfield>
    <subfield code="b">002</subfield>
    <subfield code="c">TTP Khmer</subfield>
    <subfield code="d">2025-11-25</subfield>
    <subfield code="l">0</subfield>
    <subfield code="o">SOT 398.209596</subfield>
    <subfield code="p">FIS04138</subfield>
    <subfield code="r">2025-11-25 11:51:59</subfield>
    <subfield code="w">2025-11-25</subfield>
    <subfield code="y">KHB</subfield>
  </datafield>
</record>
